Расчет электрического поля сердца на поверхности тела человека; Современные техника и технологии; Т. 1

Bibliographische Detailangaben
Parent link:Современные техника и технологии: сборник трудов XV Международной научно-практической конференции студентов, аспирантов и молодых ученых, Томск, 4-8 мая 2009 г/ Национальный исследовательский Томский политехнический университет (ТПУ).— , 2009
Т. 1.— 2009.— [С. 537-539]
1. Verfasser: Клубович А. Р.
Weitere Verfasser: Авдеева Д. К. (научный руководитель)
Zusammenfassung:Заглавие с титульного листа
Электронная версия печатной публикации
Sprache:Russisch
Veröffentlicht: 2009
Schlagworte:
Online-Zugang:http://www.lib.tpu.ru/fulltext/c/2009/C01/V1/269.pdf
Format: Elektronisch Buchkapitel
KOHA link:https://koha.lib.tpu.ru/cgi-bin/koha/opac-detail.pl?biblionumber=243374

MARC

LEADER 00000naa2a2200000 4500
001 243374
005 20251218090711.0
035 |a (RuTPU)RU\TPU\book\264716 
035 |a RU\TPU\book\264711 
090 |a 243374 
100 |a 20130925d2009 k y0rusy50 ca 
101 0 |a rus 
102 |a RU 
135 |a drnn ---uucaa 
181 0 |a i  
182 0 |a b 
200 1 |a Расчет электрического поля сердца на поверхности тела человека  |f А. Р. Клубович  |g науч. рук. Д. К. Авдеева 
203 |a Текст  |c электронный 
215 |a 1 файл (415 Кб) 
300 |a Заглавие с титульного листа 
300 |a Электронная версия печатной публикации 
337 |a Adobe Reader 
461 0 |0 (RuTPU)RU\TPU\book\261117  |t Современные техника и технологии  |o сборник трудов XV Международной научно-практической конференции студентов, аспирантов и молодых ученых, Томск, 4-8 мая 2009 г  |o в 3 т.  |f Национальный исследовательский Томский политехнический университет (ТПУ)  |d 2009 
463 0 |0 (RuTPU)RU\TPU\book\261157  |t Т. 1  |v [С. 537-539]  |d 2009 
610 1 |a электронный ресурс 
610 1 |a труды учёных ТПУ 
610 1 |a человек 
610 1 |a сердце 
610 1 |a электрические поля 
610 1 |a биоэлектрические потенциалы 
610 1 |a электрография 
610 1 |a единый сердечный диполь 
610 1 |a сферические модели 
700 1 |a Клубович  |b А. Р. 
702 1 |a Авдеева  |b Д. К.  |4 727 
801 1 |a RU  |b 63413507  |c 20130617 
801 2 |a RU  |b 63413507  |c 20131114  |g RCR 
856 4 |u http://www.lib.tpu.ru/fulltext/c/2009/C01/V1/269.pdf 
942 |c CF